FOUNDERS OF PAKISTAN (Record no. 585219)

000 -LEADER
fixed length control field 00253nam a22001097a 4500
082 ## - DEWEY DECIMAL CLASSIFICATION NUMBER
Classification number 954.91 SAF'F
100 ## - MAIN ENTRY--PERSONAL NAME
Personal name ZAFAR, JAVAID,SAFDAR, MAHMOOD
9 (RLIN) 80275
245 ## - TITLE STATEMENT
Title FOUNDERS OF PAKISTAN
260 ## - PUBLICATION, DISTRIBUTION, ETC.
Place of publication, distribution, etc. LAHORE
Name of publisher, distributor, etc. UNITED
Date of publication, distribution, etc. 1968
300 ## - PHYSICAL DESCRIPTION
Extent 249P
942 ## - ADDED ENTRY ELEMENTS (KOHA)
Koha item type Book
Holdings
Withdrawn status Lost status Damaged status Not for loan Permanent Location Current Location Shelving location Date acquired Total Checkouts Total Renewals Full call number Barcode Date last seen Date last checked out Price effective from Koha item type
        College of Electrical & Mechanical Engineering (CEME) College of Electrical & Mechanical Engineering (CEME) General Stacks 07/07/2017 1 1 954.91 SAF'F CEME-5464 02/19/2026 11/20/2025 06/28/2021 Book
© 2023 Central Library, National University of Sciences and Technology. All Rights Reserved.